| 000 | 01328nam a2200337 a 4500 | ||
|---|---|---|---|
| 999 |
_c139388 _d139388 |
||
| 003 | BLK | ||
| 005 | 20240604005355.0 | ||
| 008 | 180409b bul|||||r ||||||| ||bul|| | ||
| 010 | _aKNG00145432000 | ||
| 040 | _aBLK | ||
| 041 |
_aBUL _cBUL |
||
| 080 |
_aБългарска литература _b821.163.2 _x-93-1 _z821.163.2-93-1 |
||
| 100 |
_aЕлин Пелин _qСтоянов, Димитър Иванов _9363511 |
||
| 139 |
_aЕлин Пелин _bЕ 53 |
||
| 245 | 1 | 0 |
_aДядовата ръкавичка _bПриказка в стихове _cЕлин Пелин; ил. Никола Тузсузов; Димитър Иванов Стоянов. |
| 250 | _a2. изд. | ||
| 257 | _aBGR | ||
| 260 |
_bБълг. художник _c1973 _aСофия |
||
| 300 |
_a16 с. _bс ил. _c30 см |
||
| 380 | _aDX | ||
| 500 | _a1. изд. 1958. - Истинското име на авт. е Димитър Иванов Стоянов. - 100 120 тир. | ||
| 700 | 1 |
_aТузсузов, Никола _eил. _9373260 |
|
| 700 | 1 |
_aСтоянов, Димитър Иванов _e* _9365019 |
|
| 852 | _aЦб ІІ 18070 | ||
| 856 | 4 | _qpdf | |
| 856 | 4 | _qpdf | |
| 942 |
_cKNG _n0 _02 _s1 |
||
| 944 |
_aCR _c10.07.2013 _lCRON CRON _k |
||
| 944 |
_aED _c10.07.2013 _l10.07.2013 - от С1,Р / 10.07.2013 |
||
| 999 | _d139388 | ||